[Event "23rd ETCC Open 2021"]
[Site "Catez"]
[Date "2021.11.12"]
[Round "1.27"]
[White "Georgiadis, Nico"]
[Black "Shevchenko, Kirill"]
[Result "1/2-1/2"]
[WhiteElo "2553"]
[BlackElo "2647"]
[Annotator "TA"]
[PlyCount "107"]
[EventDate "2021.11.08"]
[EventType "team-tourn"]
[EventCountry "SLO"]
[SourceTitle "playchess.com"]
[Source "ChessBase"]
[SourceQuality "1"]
[WhiteTeam "Switzerland"]
[BlackTeam "Ukraine"]
[WhiteTeamCountry "SUI"]
[BlackTeamCountry "UKR"]

{[%evp 13,107,14,22,9,23,4,25,18,11,0,16,27,31,17,35,29,26,12,18,0,13,13,14,9,
2,8,3,2,6,19,18,13,9,25,17,20,33,45,100,94,115,113,163,173,187,172,223,171,286,
166,165,135,151,131,124,-8,-8,-8,-8,-8,-8,-8,-8,-526,-526,-477,-453,-393,0,0,0,
0,0,0,0,0,0,0,0,0,0,0,0,0,0,0,0,0,0,0,0,0,0,0,0,0]} 1. e4 c5 2. Nf3 d6 3. d4
cxd4 4. Nxd4 Nf6 5. Nc3 a6 6. Be3 e5 7. Nb3 Be6 8. h3 {B90: Sicilian Najdorf:
Unusual White 6th moves, 6 Be3 Ng4 and 6 Be3 e5.} Nbd7 9. g4 h6 10. Qd2 {
White has an edge.} b5 11. O-O-O Nb6 12. f4 b4 13. Nd5 {[#]} Nbxd5 $146 ({
Predecessor:} 13... Nxe4 14. Qxb4 Nxd5 15. Qa4+ Qd7 16. Qxe4 Nxe3 17. Qxa8+ Qc8
18. Qxc8+ Bxc8 19. Re1 exf4 {1/2-1/2 (61) Zakhartsov,V (2391)-Kokarev,D (2650)
Izhevsk 2014}) 14. exd5 Nxd5 (14... Bxd5 $6 15. Bg2 $16) 15. Bg2 Nxe3 16. Bxa8
Nxd1 17. Bc6+ Bd7 $1 {[%cal Rd7c6]} 18. Bxd7+ Qxd7 19. Rxd1 Be7 20. Qxb4 exf4
21. Kb1 f3 22. Qf4 O-O 23. Qxf3 Bf6 24. Qd5 Re8 25. a3 Qa7 (25... Qa4 $14) 26.
Qc6 $1 $16 {[%cal Rc6e8]} (26. Qxd6 Rd8 $15) 26... Rb8 27. Rxd6 (27. Qxd6 Rd8
$15) 27... Be5 28. Rd7 Qg1+ 29. Ka2 Qh2 (29... Qf2 {is a better defense.} 30.
c3 Bf6) 30. Re7 Rd8 (30... Bf6 {might work better.} 31. Qc7 Qxc7 32. Rxc7 Rb6)
31. Re8+ (31. Qxa6 $142 Bf6 32. Qe2 Qxh3 33. Re8+ Rxe8 34. Qxe8+ Kh7 35. Qe4+ (
35. Qxf7 Qxg4 36. Qd5 h5 $11) 35... g6 36. a4) 31... Rxe8 $18 32. Qxe8+ Kh7 33.
Nc5 Qf4 34. Qa4 (34. Nd3 $16 Qc4+ 35. Kb1) 34... Qxa4 $11 35. Nxa4 {[%mdl 4096]
Endgame KB-KN} Kg6 {...Kg5 is the strong threat.} 36. Nc5 f5 $1 {[%cal Rf5g4]}
37. gxf5+ ({Not} 37. Nxa6 $2 fxg4 38. hxg4 Kg5 $19) 37... Kxf5 38. Nxa6 $2 {
[%mdl 8192]} (38. c4 $11) 38... g5 $19 39. Nc5 {[#]} h5 $1 40. Nd3 Bg3 $2 ({
Better is} 40... h4 $19 {White must now prevent ...Bg3.} 41. Nf2 (41. Nxe5 $2
Kxe5 42. c3 g4 $19) 41... Bd4) 41. a4 $1 $11 {[%cal Ra4a5] Strongly
threatening a5.The position is equal.} g4 42. hxg4+ Kxg4 43. a5 h4 {aiming for
...h3.} 44. a6 Bb8 45. Nf2+ Kg3 46. Nh1+ Kg2 47. c4 $1 {[%cal Rc4c5] Threatens
to win with c5.} Kxh1 {KB-K3P} ({But not} 47... h3 $6 {[#]} 48. c5 $1 $16) 48.
c5 $1 {[%cal Rc5c6] And now c6 would win.} h3 49. c6 $1 {[%cal Rc6c7]} h2 50.
c7 {[%mdl 64] Deflection} Bxc7 {( -> ...Kg1)} 51. a7 Kg1 52. a8=Q Bg3 $1 53.
Qf3 Bf2 54. Qg4+ {Weighted Error Value: White=0.26/Black=0.19} 1/2-1/2

[Event "23rd ETCC Open 2021"]
[Site "Catez"]
[Date "2021.11.12"]
[Round "1.28"]
[White "Onyshchuk, Volodymyr"]
[Black "Kurmann, Oliver"]
[Result "1/2-1/2"]
[WhiteElo "2622"]
[BlackElo "2458"]
[Annotator "TA"]
[PlyCount "38"]
[EventDate "2021.11.08"]
[EventType "team-tourn"]
[EventCountry "SLO"]
[SourceTitle "playchess.com"]
[Source "ChessBase"]
[SourceQuality "1"]
[WhiteTeam "Ukraine"]
[BlackTeam "Switzerland"]
[WhiteTeamCountry "UKR"]
[BlackTeamCountry "SUI"]

{[%evp 11,38,-34,-32,-54,11,12,20,16,29,9,25,0,0,0,0,0,0,0,0,-17,0,0,0,-27,0,0,
0,-35,0]} 1. Nf3 Nf6 2. g3 c5 3. Bg2 Nc6 4. O-O e5 5. d3 d5 6. Bg5 Be7 7. a3 {
[#] A08: King's Indian Attack.} Ng8 $146 (7... Be6 $15) ({Predecessor:} 7...
O-O 8. Nfd2 Be6 9. Nc3 d4 10. Bxf6 Bxf6 11. Na4 Qa5 12. c3 dxc3 13. bxc3 Be7
14. Rb1 Qc7 {1-0 (107) Ghasi,A (2367)-Longson,A (2237) Sunningdale 2011}) 8.
Bxe7 $11 Ngxe7 9. b4 {The position is equal.} cxb4 10. axb4 Nxb4 11. Nxe5 Qc7 {
[%mdl 64] [#] Double Attack} 12. d4 Qxc2 13. Qe1 a5 14. Nc3 O-O 15. Rc1 Qb2 16.
Rb1 Qc2 17. Rc1 Qb2 18. Rb1 Qc2 19. Rc1 Qb2 {A rather calm draw.  Weighted
Error Value: White=0.05/Black=0.15} 1/2-1/2

[Event "23rd ETCC Open 2021"]
[Site "Catez"]
[Date "2021.11.12"]
[Round "1.29"]
[White "Anton Guijarro, David"]
[Black "Gretarsson, Hjorvar Steinn"]
[Result "1-0"]
[WhiteElo "2669"]
[BlackElo "2574"]
[Annotator "TA"]
[PlyCount "107"]
[EventDate "2021.11.08"]
[EventType "team-tourn"]
[EventCountry "SLO"]
[SourceTitle "playchess.com"]
[Source "ChessBase"]
[SourceQuality "1"]
[WhiteTeam "Spain"]
[BlackTeam "Iceland"]
[WhiteTeamCountry "ESP"]
[BlackTeamCountry "ISL"]

{[%evp 10,107,22,19,18,24,30,16,13,20,19,14,20,18,22,22,42,35,45,46,45,32,14,
17,52,27,40,49,66,45,123,134,85,93,102,83,109,89,102,116,116,116,116,116,100,
61,70,72,108,103,93,91,81,54,135,126,142,130,444,434,472,462,420,344,348,345,
341,331,300,94,88,93,91,110,185,97,186,185,184,172,356,250,444,462,1057,1011,
946,927,913,839,778,567,12682,10212,6506,5835,5685,5685,4631,1588]} 1. d4 Nf6
2. c4 e6 3. Nf3 d5 4. Nc3 Nbd7 5. cxd5 exd5 6. Bg5 h6 {D35: Queen's Gambit
Declined: Exchange Variation.} 7. Bh4 Bb4 8. e3 g5 {The position is equal.} 9.
Bg3 Ne4 10. Nd2 Nxg3 11. hxg3 c6 12. Bd3 Nf6 13. a3 Be7 {[#]} 14. Nf3 $146 ({
Predecessor:} 14. Qb3 Qb6 15. Qc2 Be6 16. Na4 Qc7 17. Nc5 O-O-O 18. b4 Kb8 19.
Rc1 Ka8 20. a4 {1/2-1/2 (29) Alonso Rosell,A (2502)-Hammer,J (2638) La Massana
2012}) 14... Ng4 15. e4 dxe4 16. Bxe4 Kf8 17. Qc2 Bf6 18. O-O Kg7 19. Rad1 Qa5
(19... Re8 $14) 20. Na4 $1 $16 Rd8 21. b4 Qb5 22. Nc5 a5 23. Rb1 Qb6 ({But not
} 23... Bxd4 $2 24. Nxd4 (24. Rbd1 Bxf2+ 25. Rxf2 Rxd1+ 26. Qxd1 Nxf2 $11)
24... Qb6 25. bxa5 $18) 24. bxa5 Qxa5 25. Nxb7 Bxb7 26. Rxb7 {Hoping for Bg6.}
Ra7 27. Qxc6 Rxb7 28. Qxb7 Bxd4 29. Nxd4 $40 {[%mdl 128] Black is in trouble.}
Rxd4 30. Qb2 $1 {[%cal Rb2d4]} Qe5 31. Bf3 {Threatens to win with Bxg4.} (31.
Bc6 {keeps more tension.} h5 32. Qa1 h4 33. Bf3 f6 34. Re1) 31... Nf6 (31...
Nh2 $1 $14 32. Rb1 Nxf3+ 33. gxf3 Rd1+ 34. Kg2 Qxb2 35. Rxb2 Ra1) 32. a4 {
[%cal Ba3a4,Ba4a5,Ba5a6][%mdl 32]} g4 33. Bb7 {aiming for a5!} h5 $2 {[%mdl
8192]} (33... Rd5 $16 {is more resistant.} 34. Qxe5 Rxe5) 34. a5 $1 $18 Qc5 35.
a6 h4 {White should prevent ...hxg3.} 36. Qc1 Rc4 37. Qe3 Qxe3 38. fxe3 {
[%mdl 4096] Endgame KRB-KRN} Ra4 39. Kh2 (39. gxh4 $18 {Rf4 is the strong
threat.} g3 40. Rc1) 39... h3 $16 40. Rf2 hxg2 41. Kxg2 Kg6 (41... Nh5 $16 42.
Bc8 Nf6) 42. e4 ({White should try} 42. Rf4 $1 $18 {[%cal Rf4a4]} Ra2+ 43. Kf1)
42... Ra3 {[#]} (42... Nh5 $16) 43. Rf4 $1 $18 Ra2+ 44. Kg1 Kg5 $2 (44... Ra3 {
keeps fighting.}) 45. Bc8 Rc2 $2 {[#]} (45... Ra3 46. Kf1 Nh5 47. Rxg4+ Kh6)
46. e5 $1 {White is clearly winning.} Rxc8 (46... Nd5 $142) 47. exf6 {KR-KR}
Ra8 48. Ra4 Ra7 49. Kf2 Kxf6 50. Ra5 Kg6 {Now ...Kf6 and Black clings on.} 51.
Ke3 f6 52. Ke4 f5+ 53. Kf4 Re7 54. Rxf5 {Weighted Error Value: White=0.16/
Black=0.41} 1-0

[Event "23rd ETCC Open 2021"]
[Site "Catez"]
[Date "2021.11.12"]
[Round "1.30"]
[White "Stefansson, Hannes"]
[Black "Santos Latasa, Jaime"]
[Result "0-1"]
[WhiteElo "2519"]
[BlackElo "2633"]
[Annotator "TA"]
[PlyCount "132"]
[EventDate "2021.11.08"]
[EventType "team-tourn"]
[EventCountry "SLO"]
[SourceTitle "playchess.com"]
[Source "ChessBase"]
[SourceQuality "1"]
[WhiteTeam "Iceland"]
[BlackTeam "Spain"]
[WhiteTeamCountry "ISL"]
[BlackTeamCountry "ESP"]

{[%evp 16,132,18,0,0,-15,-9,-14,0,-1,-3,-18,-23,-46,-49,-45,-53,-59,-45,-31,
-21,-20,-20,-45,-25,-80,-84,-85,-91,-91,-88,-100,-89,-112,-108,-103,-109,-130,
-54,-70,-72,-91,0,0,0,0,0,-72,-68,-78,-78,-79,-78,-79,-71,-157,-146,-129,-48,
-82,-64,-93,-93,-91,-91,-157,-157,-157,-157,-178,-171,-448,-425,-384,-383,-360,
-308,-304,-315,-286,-286,-325,-285,-356,-354,-336,-169,-384,-164,-228,-172,
-238,-172,-171,-140,-154,0,-213,0,-337,0,-134,-131,-168,-171,-272,-236,-471,
-450,-12834,-12835,-12836,-5522,-12831,-12202,-1495,-883,-12844,-12843]} 1. e4
c5 2. Nf3 d6 3. d4 cxd4 4. Nxd4 Nf6 5. Nc3 a6 6. Be2 e5 7. Nb3 Be7 8. O-O O-O
9. Kh1 Re8 {B92: Sicilian Najdorf: 6 Be2.} 10. f4 Nc6 11. Bf3 b5 {[#] The
position is equal.} 12. Nd5 $146 ({Predecessor:} 12. a4 Rb8 13. axb5 axb5 14.
f5 Nb4 15. Bg5 d5 16. Bxf6 Bxf6 17. exd5 Bxf5 18. Ne4 Nxd5 19. Qxd5 {1-0 (40)
Wu,X-Banik,S (1978) Al Ain 2013}) 12... a5 {[%cal Ba6a5,Ba5a4][%mdl 32]} 13.
Be3 a4 14. Nc1 Nxd5 15. exd5 Na5 {Strongly threatening ...Nc4.} 16. b3 {
With the idea fxe5.} axb3 17. cxb3 {White wants to play fxe5.} e4 18. Be2 Bf6
19. Rb1 b4 (19... Bd7 {is more complex.} 20. a3 Qc7 21. Na2 Nb7 22. b4 Rxa3 23.
Qd2 Rea8) 20. Bb5 (20. Qd2 $11 {remains equal.}) 20... Bd7 $17 21. Bxd7 Qxd7
22. Ne2 Nb7 23. Qd2 Qb5 $1 24. Rbc1 {[#]} Nc5 $1 25. Bxc5 dxc5 26. Rc4 Qa6 ({
Black should try} 26... e3 $17 27. Qc2 Ra5) 27. Rxc5 Qd3 28. Qc2 Bc3 (28...
Rad8 $17 29. Rc1 g6) 29. Rc1 $1 $11 {[%cal Re2c3]} Rac8 (29... Bd2 {keeps more
tension.} 30. Rd1 Qxe2 31. Qxd2 Rxa2 32. Qxe2 Rxe2 33. d6 Kf8) 30. Rxc8 Rxc8
31. Ng3 (31. a3 $11 Rc5 32. Qxd3 exd3 33. axb4 dxe2 34. bxc5) 31... Re8 $36 {
[%mdl 2048] Black is more active.} 32. Qe2 Qxd5 33. Rd1 Qc6 34. Nf5 g6 35. Nd6
(35. Ne3 $142) 35... Rd8 36. Nc4 Qf6 (36... Rxd1+ $17 37. Qxd1 Kg7) 37. g3 Rd4
38. Kg2 Qc6 39. Rxd4 Bxd4 40. Qd1 {[#]} (40. Ne3 $142) 40... e3+ $1 41. Qf3 Qa6
42. Qe2 Qa8+ 43. Kh3 $2 (43. Kg1 {only move.}) 43... Qe4 44. a3 bxa3 45. Nxa3
Qe6+ 46. g4 Qxb3 47. Nc2 Bb6 48. Kg3 h6 49. h4 Qd5 50. Ne1 Qe4 (50... g5 $142
51. hxg5 hxg5) 51. Ng2 (51. g5) 51... Bd4 (51... g5 $142 52. Qf3 Qe6 53. hxg5
hxg5 54. Qa8+ Kh7) 52. Kh2 (52. g5 {might work better.}) 52... Bc5 53. Kg3 (53.
g5 {is a better defense.}) 53... Kg7 54. Qb2+ Bd4 55. Qe2 Kg8 (55... Qb1 $17
56. Ne1 Bb6) 56. Kh2 $19 Bb6 (56... g5 $142 57. hxg5 hxg5 58. fxg5 Be5+ 59. Kg1
Kh7) 57. Kg3 Qd5 (57... g5 $19 58. Qf3 Qe6 59. hxg5 hxg5 60. Qa8+ Kh7) 58. Qb2
(58. Ne1 $1 $11 {was the only way to keep the balance.}) 58... Bd4 $17 59. Qc2
Bc5 60. Kh2 (60. Qa4 $142) 60... g5 $19 {And now ...gxf4 would win.} 61. hxg5
$2 (61. Kg3 {is the only way for White.}) 61... hxg5 {Black is clearly winning.
} 62. Kg3 (62. Qa4 $142 Kf8 63. Qb5) 62... Bd6 63. Qc8+ Kh7 64. Qc2+ Kh6 65.
Qc8 gxf4+ 66. Nxf4 Qe5 {Weighted Error Value: White=0.30/Black=0.33} 0-1

[Event "23rd ETCC Open 2021"]
[Site "Catez"]
[Date "2021.11.12"]
[Round "1.31"]
[White "Salgado Lopez, Ivan"]
[Black "Gretarsson, Helgi Ass"]
[Result "1/2-1/2"]
[WhiteElo "2609"]
[BlackElo "2476"]
[Annotator "TA"]
[PlyCount "110"]
[EventDate "2021.11.08"]
[EventType "team-tourn"]
[EventCountry "SLO"]
[SourceTitle "playchess.com"]
[Source "ChessBase"]
[SourceQuality "1"]
[WhiteTeam "Spain"]
[BlackTeam "Iceland"]
[WhiteTeamCountry "ESP"]
[BlackTeamCountry "ISL"]

{[%evp 10,110,34,21,21,15,14,9,21,24,16,17,95,85,174,165,159,179,176,179,175,
141,267,266,277,237,237,245,242,239,240,233,250,216,222,215,233,198,210,221,
221,221,220,216,210,200,206,206,338,351,297,276,261,52,57,0,0,0,0,-15,0,-7,14,
0,0,0,0,0,0,0,0,0,0,0,0,0,0,-1,-1,-1,-1,0,0,0,-8,-15,-15,-15,0,-8,0,0,0,0,0,0,
0,0,0,0,0,0,0]} 1. d4 d5 2. Nf3 Nf6 3. c4 c6 4. e3 a6 5. Nc3 Bf5 6. Qb3 b5 {
D15: Slav Defence: 4 Nc3 a6 and gambit lines after 4 Nc3 dxc4.} 7. c5 a5 8. Ne5
g6 9. Nxb5 a4 10. Qb4 {[#]} Bg7 $146 (10... Nfd7 $11) ({Predecessor:} 10...
Nfd7 11. Nc3 Nxe5 12. dxe5 Nd7 13. Nxa4 Nxe5 14. Bd2 Nd7 15. Be2 {1/2-1/2 (15)
Ragger,M (2680)-Fressinet,L (2668) Chartres 2017}) 11. Nc3 $36 {[%mdl 2048]
White is on the roll.} a3 (11... O-O $16 {was necessary.}) 12. Qb7 $18 axb2 13.
Bxb2 Qa5 14. Nxc6 Nxc6 15. Qxc6+ {[%mdl 64] [#] Double Attack} Nd7 (15... Bd7
$16 {keeps fighting.} 16. Qb6 Qxb6 17. cxb6 Rb8) 16. Qb5 (16. Qxd5 Be6 $16)
16... Qa7 17. Qb4 (17. Nxd5 $6 Rb8 $18) 17... O-O 18. Bb5 Rfb8 19. Rd1 Nf6 20.
a4 Qc7 21. Qb3 e6 22. f3 h5 23. h4 Qg3+ 24. Kf1 Rb7 25. Ne2 Qb8 26. Kf2 Ne8 27.
Nc3 Nc7 28. Rd2 e5 (28... Qf8 $142 29. c6 Rbb8) 29. c6 Rb6 30. dxe5 Be6 {
[#] aiming for ...d4.} 31. Qb4 ({Worse is} 31. Nxd5 Nxb5 32. c7 (32. axb5 Rxb5
33. Ne7+ Kh7 $11) 32... Qb7 $11) (31. Qc2 $18) 31... Rxc6 $1 $14 32. Rd4 (32.
Rhd1 $14) 32... Bf8 $11 {The position is equal.} 33. Qb3 Bc5 34. Rhd1 Bxd4 35.
Rxd4 Rb6 36. Qc2 Nxb5 37. Nxb5 Qc8 ({Don't blunder} 37... Qxe5 $2 38. Rb4 $18)
38. Qd2 Rc6 {And now ...Rc2 would win.} 39. Bc3 Rc4 40. Nd6 Rxd4 41. Qxd4 Qc6
42. a5 Rb8 $1 {[%cal Rb8b3] Strongly threatening ...Rb3.} 43. e4 (43. Kg3 {
is interesting.} Rb3 44. Bd2 g5 45. Kh2 Qc2 46. Qa4) 43... Rb3 $1 {[%cal Rb3c3]
} 44. exd5 Qxc3 45. Qxc3 Rxc3 46. dxe6 fxe6 {[%mdl 4096] Endgame KR-KN} 47. Ne4
Rc2+ 48. Kg3 Kf7 49. Nd6+ Kf8 50. a6 Ra2 51. Kf4 Rxa6 52. Kg5 Kg7 53. Ne8+ Kf7
54. Nd6+ Kg7 55. Ne8+ Kf7 {White really could win this.  Weighted Error Value:
White=0.14/Black=0.12} 1/2-1/2

[Event "23rd ETCC Open 2021"]
[Site "Catez"]
[Date "2021.11.12"]
[Round "1.32"]
[White "Kjartansson, Gudmundur"]
[Black "Santos Ruiz, Miguel"]
[Result "1-0"]
[WhiteElo "2443"]
[BlackElo "2603"]
[Annotator "TA"]
[PlyCount "55"]
[EventDate "2021.11.08"]
[EventType "team-tourn"]
[EventCountry "SLO"]
[SourceTitle "playchess.com"]
[Source "ChessBase"]
[SourceQuality "1"]
[WhiteTeam "Iceland"]
[BlackTeam "Spain"]
[WhiteTeamCountry "ISL"]
[BlackTeamCountry "ESP"]

{[%evp 11,55,25,20,1,6,14,22,-2,0,0,0,0,0,0,16,0,-4,0,72,22,27,15,19,19,60,70,
76,64,62,60,82,76,208,208,270,270,1985,2005,29986,29987,29987,29988,29986,932,
1054,781]} 1. d4 Nf6 2. c4 e6 3. Nf3 d5 4. Nc3 Bb4 5. Qa4+ Nc6 6. e3 O-O 7. Qc2
{D38: Queen's Gambit Declined: Ragozin Defence (4 Nf3 Bb4).} Re8 8. Bd2 Bf8 9.
a3 {The position is equal.} (9. Be2 {is more complex.} Nb4 10. Qb1 c5 11. dxc5
Bxc5 12. O-O) 9... e5 10. dxe5 Nxe5 11. cxd5 Nxf3+ 12. gxf3 Nxd5 13. h4 {[#]}
a5 $146 ({Predecessor:} 13... Nxc3 14. Bxc3 Qd5 15. Be2 Bf5 16. Qa4 Bd7 17. Rd1
Qxf3 18. Bxf3 Bxa4 19. Bxb7 Bxd1 20. Bxa8 {1/2-1/2 (41) Carlsen,M (2863)-Anand,
V (2753) chess24.com INT 2020}) 14. Bd3 g6 (14... h6 $11 {keeps the balance.})
15. O-O-O Nb4 16. axb4 axb4 {[#]} 17. h5 $1 {[%cal Rh5g6]} Ra1+ (17... bxc3 18.
Bxc3) 18. Nb1 {[%cal Rh5g6]} Qf6 {Threatening ...Re6.} 19. hxg6 hxg6 20. Rdg1
$1 {[%cal Rd3g6] And now Bxg6! would win.} Re6 $1 {[%cal Re6c6] [#] White must
now prevent ...Rc6.} 21. Be4 Bd7 {This move loses the game for Black.} (21...
Ra5 $16 {is a better defense.}) 22. Qxc7 $18 {[%mdl 64] Double Attack} ({
But not} 22. Bxb7 $2 Bc6 $19) 22... Rxe4 23. fxe4 Qe6 (23... Bb5 24. Qc2 (24.
Qxb7 $2 Bd3 $19) 24... Ra6) 24. Qh2 {[%csl Gh1][%cal Rh2h8]} Rxb1+ 25. Kxb1 {
[%csl Gh1][%cal Rh2h8]} Qxe4+ 26. Ka1 {[%csl Gh1][%cal Rh2h8]} Bg7 27. Qb8+ (
27. Qh7+ $142 Kf8 28. Rh4 Qxh4 29. Qxh4 Bc3 30. Qd8+ {[%mdl 64] Double Attack}
Kg7 31. bxc3 b3 32. e4) 27... Be8 28. Rh4 {Weighted Error Value: White=0.09/
Black=0.43} 1-0

[Event "23rd ETCC Open 2021"]
[Site "Catez"]
[Date "2021.11.12"]
[Round "1.33"]
[White "Pechac, Jergus"]
[Black "Nisipeanu, Liviu-Dieter"]
[Result "1/2-1/2"]
[WhiteElo "2562"]
[BlackElo "2651"]
[Annotator "TA"]
[PlyCount "101"]
[EventDate "2021.11.08"]
[EventType "team-tourn"]
[EventCountry "SLO"]
[SourceTitle "playchess.com"]
[Source "ChessBase"]
[SourceQuality "1"]
[WhiteTeam "Slovakia"]
[BlackTeam "Germany"]
[WhiteTeamCountry "SVK"]
[BlackTeamCountry "GER"]

{[%evp 14,101,25,29,35,33,52,16,14,6,35,0,0,7,74,18,30,21,38,29,32,25,66,54,70,
75,70,66,59,66,79,75,91,87,104,105,106,104,89,82,89,71,66,71,67,60,65,65,64,59,
72,22,49,56,64,29,40,34,31,30,34,18,36,23,47,18,29,1,11,0,0,0,0,0,0,0,0,0,0,0,
0,0,0,0,0,0,0,0,0,-1160]} 1. d4 Nf6 2. c4 e6 3. Nf3 d5 4. g3 Be7 5. Bg2 O-O 6.
O-O dxc4 7. Qc2 a6 8. a4 h6 {[#] E05: Open Catalan: 5 Nf3 Be7.} 9. Rd1 $146 ({
Predecessor:} 9. Nbd2 Nc6 10. e3 Nb4 11. Qb1 c5 12. Nxc4 Rb8 13. Bd2 b5 14.
Bxb4 bxc4 15. Bxc5 Bxc5 16. dxc5 {1/2-1/2 (41) Schreiner,P (2464)-Van Foreest,
L (2531) Batumi 2019}) 9... Nc6 10. Qxc4 e5 11. Nc3 e4 {[#] Strongly
threatening ...Na5.} 12. Ne5 Na5 13. Qa2 Bd6 (13... Bf5 $11 {keeps the balance.
}) 14. b3 (14. b4 $16 Be6 15. Qb2) 14... Bf5 $11 15. Nc4 Nc6 16. Ba3 Nb4 17.
Qd2 a5 18. Nxd6 Qxd6 19. Nb5 Qd7 20. Bxb4 axb4 21. Qxb4 Rad8 22. Qc5 c6 {[#]}
23. Nd6 Bg4 (23... Qxd6 24. Qxf5) 24. Nxe4 Nxe4 25. Bxe4 Bxe2 26. Rd2 Qg4 27.
Qc2 Bf3 28. Bxf3 Qxf3 29. Qd3 Qd5 30. Qc4 Rfe8 31. Rad1 g6 32. Rd3 Re2 33. Qxd5
Rxd5 $14 {[%mdl 4096] Endgame KRR-KRR} 34. Kf1 Rb2 35. R1d2 Rb1+ 36. Ke2 Kf8
37. Re3 h5 38. h4 Kg7 39. Rc3 f6 40. Kd3 g5 {The position is equal.} 41. hxg5
fxg5 42. Ke4 Kg6 43. Re3 h4 44. gxh4 gxh4 45. f4 Rg1 46. Rh3 Kh5 47. Rdh2 Rg4
48. Rd2 Rg1 49. Rdh2 Rg4 50. Rd2 Rg1 51. Rh1 $2 {[%mdl 40960] Weighted Error
Value: White=0.09/Black=0.09. An unexpected result.} 1/2-1/2

[Event "23rd ETCC Open 2021"]
[Site "Catez"]
[Date "2021.11.12"]
[Round "1.34"]
[White "Donchenko, Alexander"]
[Black "Druska, Juraj"]
[Result "1-0"]
[WhiteElo "2645"]
[BlackElo "2508"]
[Annotator "TA"]
[PlyCount "103"]
[EventDate "2021.11.08"]
[EventType "team-tourn"]
[EventCountry "SLO"]
[SourceTitle "playchess.com"]
[Source "ChessBase"]
[SourceQuality "1"]
[WhiteTeam "Germany"]
[BlackTeam "Slovakia"]
[WhiteTeamCountry "GER"]
[BlackTeamCountry "SVK"]

{[%evp 9,103,19,22,22,22,23,27,21,24,14,29,30,42,35,50,42,43,41,52,43,55,44,57,
38,50,53,53,51,58,62,57,54,45,42,38,30,89,86,99,91,105,58,123,107,151,136,243,
240,225,197,219,158,191,158,242,245,237,245,265,261,278,278,284,283,348,345,
358,353,331,345,329,318,321,322,418,395,383,371,364,342,369,360,396,373,379,
380,372,356,347,343,466,466,689,690,5684,5202]} 1. c4 e6 2. Nc3 d5 3. d4 h6 4.
cxd5 exd5 5. Bf4 Nf6 6. e3 {D31: Queen's Gambit Declined: Semi-Slav without ...
Nf6 (+ Marshall Gambit and Noteboom) and Exchange Variation lines without ...
Nf6.} Bd6 7. Bxd6 Qxd6 8. Bd3 {White has an edge.} O-O 9. Nge2 {[#]} Be6 $146 (
{Predecessor:} 9... b6 10. Rc1 a6 11. O-O Be6 12. Nf4 Bc8 13. Bb1 Bb7 14. a3
Nbd7 {1/2-1/2 (41) Eperjesi,L (2395)-Hedke,F (2380) Budapest 1996}) 10. O-O
Nbd7 11. Qd2 c5 12. Rac1 Rac8 13. h3 a6 14. Bb1 b5 15. dxc5 Rxc5 16. Ng3 {
[#] aiming for Nce4!} Qe7 17. Nce2 Rfc8 18. Rcd1 Ne5 {Black wants to play ...
Bxh3!} 19. b3 R5c7 20. Nd4 Nc6 21. Nxe6 fxe6 22. e4 Qb4 (22... dxe4 $11 {
remains equal.} 23. Nxe4 Nd5) 23. Qe2 $16 dxe4 24. Nxe4 Nxe4 25. Bxe4 Ne5 (
25... Nd4 $14 26. Qg4 Rd8) 26. Rfe1 Nf7 27. Qg4 {[#] Hoping for Bh7+!} Qc3 (
27... Qe7 $16 28. Bd5 (28. Qg6 Qf6 $16) 28... e5) 28. Qxe6 $18 Qf6 29. Qg4 $40
{[%mdl 128] White attacks with force.} Rf8 30. Bb1 Ng5 31. Re2 Qf4 (31... Re7
$16 {is a better defense.}) 32. Qxf4 Rxf4 33. Bg6 {White threatens Rd8+ and
mate.} Rc8 34. Rd6 Rf6 35. Rxf6 gxf6 {[%mdl 4096] Endgame KRB-KRN} 36. f4 Nf7
37. Re6 Kg7 38. Bh5 Nd8 39. Rxa6 Nc6 40. Rb6 Nd4 41. Rd6 Rc1+ 42. Kh2 Nf5 43.
Rd7+ Kg8 44. Bf3 Ne3 45. Kg3 Rc2 46. Rd3 Nf5+ 47. Kg4 Ne7 48. a4 bxa4 49. bxa4
{[%cal Bb3a4,Ba4a5][%mdl 32]} Kf7 50. Ra3 {White is clearly winning.} Kg6 (
50... h5+ $142 51. Kxh5 Rc5+ 52. Kg4 Ra5) 51. a5 Nf5 {[%csl Gg6][%cal Rh6h5]}
52. Be4 {[%mdl 64] Double Attack.  Weighted Error Value: White=0.05/Black=0.26}
1-0